Normal view
MARC view
- Atomic bomb
Entry Topical Term
001 - CONTROL NUMBER
- control field: 37015
003 - CONTROL NUMBER IDENTIFIER
- control field: NUST
005 - DATE AND TIME OF LATEST TRANSACTION
- control field: 20210314130144.0
008 - FIXED-LENGTH DATA ELEMENTS
- fixed length control field: 210314|| aca||aabn | a|a d
040 ## - CATALOGING SOURCE
- Original cataloging agency: NUST
- Transcribing agency: NUST
150 ## - HEADING--TOPICAL TERM
- Topical term or geographic name entry element: Atomic bomb
670 ## - SOURCE DATA FOUND
- Source citation: Work cat.: (NUST): Wimperis, Harry Egerton, 37014, World power and atomic energy,, [1946]
